Ekonomicko-právna podstata vyčíslenia finančnej újmy v znaleckých úkonoch ekonomických znaleckých odborov
Definovanie pojmov: právny úkon, škoda, ušlý zisk, finančná újma. Východiská pre stanovenie výšky finančnej újmy. Podklady pre stanovenie finančnej újmy. Metodický prístup stanovenia výšky finančnej újmy.
Salvato in:
| Autore principale: | |
|---|---|
| Altri autori: | |
| Natura: | Capitolo di libro |
| Lingua: | slovacco |
| Soggetti: | |
| Tags: |
Nessun Tag, puoi essere il primo ad aggiungerne!!
|
MARC
| LEADER | 00000naa a2200000 4500 | ||
|---|---|---|---|
| 001 | 0141481 | ||
| 005 | 20231006072613.6 | ||
| 041 | 0 | |a slo | |
| 044 | |a SK | ||
| 245 | 1 | 0 | |a Ekonomicko-právna podstata vyčíslenia finančnej újmy v znaleckých úkonoch ekonomických znaleckých odborov |c Iveta Sedláková, Tatiana Šajtlavová |
| 520 | |a Definovanie pojmov: právny úkon, škoda, ušlý zisk, finančná újma. Východiská pre stanovenie výšky finančnej újmy. Podklady pre stanovenie finančnej újmy. Metodický prístup stanovenia výšky finančnej újmy. | ||
| 610 | 2 | 0 | |a znalci |
| 610 | 2 | 0 | |a financie |
| 610 | 2 | 0 | |a škody |
| 610 | 2 | 0 | |a podnik |
| 610 | 2 | 0 | |a informácie |
| 610 | 2 | 0 | |a účtovníctvo |
| 100 | 1 | |a Sedláková, Iveta | |
| 700 | 1 | |a Šajtlavová, Tatiana | |